Ronsard, poet of nature. (Record no. 79515)
[ view plain ]
| 000 -LEADER | |
|---|---|
| fixed length control field | 00767cam8a220024100 4500 |
| 001 - CONTROL NUMBER | |
| control field | qce00931877 |
| 005 - DATE AND TIME OF LATEST TRANSACTION | |
| control field | 20190816084539.0 |
| 008 - FIXED-LENGTH DATA ELEMENTS--GENERAL INFORMATION | |
| fixed length control field | 741206s1961 enk 000 0beng |
| 010 ## - LIBRARY OF CONGRESS CONTROL NUMBER | |
| LC control number | 62068117 /L |
| 035 ## - SYSTEM CONTROL NUMBER | |
| System control number | (Sirsi) r123363 |
| 035 ## - SYSTEM CONTROL NUMBER | |
| System control number | (QCAT)lss00699455 |
| 035 ## - SYSTEM CONTROL NUMBER | |
| System control number | (UPRA)qce00931877 |
| 040 ## - CATALOGING SOURCE | |
| Modifying agency | UPRA |
| 050 ## - LIBRARY OF CONGRESS CALL NUMBER | |
| Classification number | PQ1678 |
| Item number | .W5 |
| 100 1# - MAIN ENTRY--PERSONAL NAME | |
| Personal name | Wilson, Dudley Butler. |
| Linkage | A91375.1 |
| 245 10 - TITLE STATEMENT | |
| Title | Ronsard, poet of nature. |
| 260 ## - PUBLICATION, DISTRIBUTION, ETC. | |
| Place of publication, distribution, etc. | [Manchester, England] : |
| Name of publisher, distributor, etc. | Manchester University Press, |
| Date of publication, distribution, etc. | [1961] |
| 504 ## - BIBLIOGRAPHY, ETC. NOTE | |
| Bibliography, etc. note | Bibliographical footnotes. |
| 600 10 - SUBJECT ADDED ENTRY--PERSONAL NAME | |
| Personal name | Ronsard, Pierre de, 1524-1585. |
| Dates associated with a name | Ronsard, Pierre de, 1524-1585. |
| Linkage | S34806.1 |
| 650 #0 - SUBJECT ADDED ENTRY--TOPICAL TERM | |
| Topical term or geographic name entry element | Nature in literature. |
| Linkage | S65464.1 |
| 949 ## - LOCAL PROCESSING INFORMATION (OCLC) | |
| a | PQ1678 |
| w | lcc |
| i | -177429 |
| m | MAIN |
| t | BOOK |
| l | ON-SHELF |
No items available.